00318nam a22000857a 4500008004100000082002300041245009600064260006400160300000800224230626b xxu||||| |||| 00| 0 eng d a338.09bMOEPD 1959 aKenya Survey of Industrial Production, 1957bEast African Statistical Department Kenya Unit aKenyabEast African Statistical Department Kenya Unitc1959 a88p